Экономическая история России в новейшее время: монография: в 2 т.

Bibliografske podrobnosti
Glavni avtor: Ханин Г. И. Гирш Ицыкович
Jezik:ruščina
Izdano: Новосибирск, Изд-во НГТУ, 2008
Serija:Монографии НГТУ
Format: MixedMaterials Knjiga
KOHA link:https://koha.lib.tpu.ru/cgi-bin/koha/opac-detail.pl?biblionumber=172434

MARC

LEADER 00000nam1a2200000 4500
001 172434
005 20231031164259.0
035 |a (RuTPU)RU\TPU\book\186999 
090 |a 172434 
100 |a 20091214d2008 m y0rusy50 ca 
101 0 |a rus 
102 |a RU 
200 1 |a Экономическая история России в новейшее время  |e монография: в 2 т.  |f Г. И. Ханин 
210 |a Новосибирск  |c Изд-во НГТУ  |d 2008 
225 1 |a Монографии НГТУ 
700 1 |a Ханин  |b Г. И.  |g Гирш Ицыкович 
801 1 |a RU  |b 63413507  |c 20091214 
942 |c BK